Logo BPK

Bibliografia Prac Pracowników

Politechniki Koszalińskiej

UML i Executable UML / (Rekord nr 6342)

Szczegóły MARC
000 -ETYKIETA REKORDU
podpole kontrolne o stałej długości 01535naa a2200253 i 4500
001 - NUMER KONTROLNY REKORDU
podpole kontrolne 6342
003 - IDENTYFIKATOR NUMERU KONTROLNEGO REKORDU
podpole kontrolne KOSZ 005
005 - DATA OSTATNIEJ MODYFIKACJI REKORDU
podpole kontrolne 20180404140304.0
008 - POLE O STAŁEJ DŁUGOŚCI - DANE KONTROLNE
podpole kontrolne o stałej długości 160120s2012 pl f |100 0 pol d
040 ## - ŹRÓDŁO KATALOGOWANIA
Instytucja, która utworzyła rekord BPK
Instytucja, która dokonała modyfikacji KOSZ 005/ac
041 ## - KOD JĘZYKA
Kod języka tekstu pol
Kod języka streszczenia lub abstraktu eng
080 ## - UNIWERSALNA KLASYFIKACJA DZIESIĘTNA - UKD
UKD 004.43
100 1# - NAZWA OSOBOWA
Nazwa osobowa KILIŃSKA-WIŚNIEWSKA, Alicja - doktorant.
Instytucja Politechnika Koszalińska - Wydział Elektroniki i Informatyki
245 10 - TYTUŁ/ODPOWIEDZIALNOŚĆ
Tytuł UML i Executable UML /
Pozostałe elementy strefy tytułu i oznaczenia odpowiedzialności Alicja Kilińska-Wiśniewska.
246 31 - WARIANT TYTUŁU
Tytuł UML and Executable UML
500 ## - UWAGI OGÓLNE
Tekst uwagi Dane z autopsji.
520 ## - UWAGA DOTYCZĄCA TREŚCI DOKUMENTU
Analiza dokumentacyjna, adnotacja itp. Artykuł ma na celu przedstawienie aspektów modelowania rozproszonego środowiska bazodanowego w ujęciu heterogenicznym przy zastosowaniu języka UML i jego potomka xUML. W artykule zostanie przedstawione wprowadzenie do języka UML oraz xUML historia języków oraz ich specyfikacja. Executable UML jest podstawowym kryterium w modelowaniu MDA. Jest to nowe podejście do tworzenia specyfikacji i aplikacji na podstawie modelu niezależnie od platformy na której ten system ma funkcjonować.
650 #0 - HASŁO PRZEDMIOTOWE W FORMIE NAZWY OGÓLNEJ LUB JEDNOSTKOWEJ
Nazwa ogólna lub geograficzna Języki programowania.
650 #0 - HASŁO PRZEDMIOTOWE W FORMIE NAZWY OGÓLNEJ LUB JEDNOSTKOWEJ
Nazwa ogólna lub geograficzna UML.
655 #0 - TERMIN INDEKSOWY - OKREŚLENIE RODZAJU/FORMY DOKUMENTU
Określnie rodzaju/formy dokumentu Materiały konferencyjne.
711 22 - HASŁO DODATKOWE - NAZWA IMPREZY
Nazwa imprezy Krajowa Konferencja Studentów i Młodych Pracowników Nauki "XXI wiek erą elektroniki i teleinformatyki"
Oznaczenie części/sekcji dzieła (9 ;
Data imprezy 2012 ;
Miejsce imprezy Koszalin, Polska).
773 0# - TYTUŁ DOKUMENTU MACIERZYSTEGO
Wyrażenie wprowadzające W :
Tytuł Modele inżynierii teleinformatyki 7 : wybrane zastosowania / red. nauk. Krzysztof Bzdyra. -
Adres wydawniczy Koszalin : Wydaw. Uczelniane Politechniki Koszalińskiej, 2012. -
Informacje dotyczące relacji s. 55-60
942 ## - HASŁO DODATKOWE - ELEMENTY(KOHA)
Typ dokumentu Rozdział
Schemat klasyfikacji Uniwersalna klasyfikacja dziesiętna
Egzemplarze
Wycofany Zagubiony Uszkodzony Dostępność Lokalizacja stała Lokalizacja bieżąca Sygnatura Typ dokumentu
      Dostępny Bibliografia Prac Pracowników - BPK Bibliografia Prac Pracowników - BPK 101732 Rozdział
© 2014 Biblioteka Politechniki Koszalińskiej :: BIBLIOGRAFIA PRAC PRACOWNIKÓW